00386nam a22001337a 4500008004100000020001800041040005500059080001700114100001600131245003200147260004700179300001400226650001200240221103b |||||||| |||| 00| 0 eng d a81-224-0306-9 aNational Science LibrarycNational Science Library a543.253 bN1 aKapoor, R C aPrinciples of polarography  aNew Delhi: bWiley Eastern Limited, c1991 axi, 185p. aScience